[Event "European Chess Club Cup 2023"]
[Site "Durres, Albania"]
[Date "2023.10.07"]
[Round "7.23"]
[White "Brkic, Ante"]
[Black "Balog, Imre"]
[Result "0-1"]
[TimeControl "90' + 30' & 30\""]
[WhiteElo "2606"]
[BlackElo "2622"]

1. e4 {[%clk 01:30:58]} {[%emt 00:00:01]} e6 {[%clk 01:30:51]} {[%emt
00:00:09]} 2. d4 {[%clk 01:31:22]} {[%emt 00:00:05]} d5 {[%clk 01:31:17]}
{[%emt 00:00:05]} 3. Nc3 {[%clk 01:31:48]} {[%emt 00:00:05]} Nf6 {[%clk
01:31:25]} {[%emt 00:00:21]} 4. Bg5 {[%clk 01:31:07]} {[%emt 00:01:11]} Be7
{[%clk 01:30:34]} {[%emt 00:01:21]} 5. e5 {[%clk 01:31:10]} {[%emt 00:00:28]}
Nfd7 {[%clk 01:30:56]} {[%emt 00:00:07]} 6. h4 {[%clk 01:31:13]} {[%emt
00:00:27]} Nc6 {[%clk 01:30:54]} {[%emt 00:00:35]} 7. Qd2 {[%clk 01:29:53]}
{[%emt 00:01:47]} h6 {[%clk 01:27:19]} {[%emt 00:04:04]} 8. Bxe7 {[%clk
01:28:23]} {[%emt 00:02:01]} Qxe7 {[%clk 01:27:40]} {[%emt 00:00:08]} 9. f4
{[%clk 01:13:56]} {[%emt 00:14:57]} Nb6 {[%clk 01:23:24]} {[%emt 00:04:46]} 10.
Nf3 {[%clk 01:14:13]} {[%emt 00:00:13]} Bd7 {[%clk 01:23:23]} {[%emt 00:00:31]}
11. Nd1 {[%clk 01:04:36]} {[%emt 00:10:08]} f6 {[%clk 01:16:49]} {[%emt
00:07:03]} 12. Ne3 {[%clk 00:48:05]} {[%emt 00:17:01]} O-O-O {[%clk 01:11:57]}
{[%emt 00:05:21]} 13. O-O-O {[%clk 00:47:28]} {[%emt 00:01:09]} fxe5 {[%clk
01:09:16]} {[%emt 00:03:10]} 14. fxe5 {[%clk 00:46:34]} {[%emt 00:01:25]} Be8
{[%clk 01:09:37]} {[%emt 00:00:08]} 15. h5 {[%clk 00:41:15]} {[%emt 00:05:49]}
Bf7 {[%clk 01:00:50]} {[%emt 00:09:16]} 16. Be2 {[%clk 00:33:19]} {[%emt
00:08:27]} Rhf8 {[%clk 00:57:28]} {[%emt 00:03:52]} 17. a3 {[%clk 00:27:55]}
{[%emt 00:05:55]} Bg8 {[%clk 00:55:35]} {[%emt 00:02:21]} 18. Bb5 {[%clk
00:21:40]} {[%emt 00:06:47]} Nb8 {[%clk 00:47:54]} {[%emt 00:08:10]} 19. Bd3
{[%clk 00:18:32]} {[%emt 00:03:38]} c5 {[%clk 00:45:23]} {[%emt 00:03:01]} 20.
c3 {[%clk 00:09:27]} {[%emt 00:09:35]} Nc6 {[%clk 00:44:15]} {[%emt 00:01:38]}
21. Bc2 {[%clk 00:09:56]} Kb8 {[%clk 00:44:17]} {[%emt 00:00:28]} 22. Kb1
{[%clk 00:10:12]} {[%emt 00:00:16]} Rd7 {[%clk 00:42:59]} {[%emt 00:01:47]} 23.
Nh4 {[%clk 00:07:17]} {[%emt 00:03:24]} cxd4 {[%clk 00:39:30]} {[%emt
00:03:59]} 24. cxd4 {[%clk 00:07:38]} {[%emt 00:00:11]} Rc8 {[%clk 00:39:54]}
{[%emt 00:00:05]} 25. Ng6 {[%clk 00:06:13]} {[%emt 00:01:55]} Qg5 {[%clk
00:38:59]} {[%emt 00:01:25]} 26. g4 {[%clk 00:04:05]} {[%emt 00:02:39]} Bh7
{[%clk 00:33:43]} {[%emt 00:05:46]} 27. Rhf1 {[%clk 00:04:22]} {[%emt
00:00:13]} Rdc7 {[%clk 00:33:47]} {[%emt 00:00:26]} 28. Rf2 {[%clk 00:04:32]}
{[%emt 00:00:20]} Ne7 {[%clk 00:32:29]} {[%emt 00:01:47]} 29. Ka2 {[%clk
00:00:55]} {[%emt 00:04:08]} Nxg6 {[%clk 00:32:30]} {[%emt 00:00:29]} 30. hxg6
{[%clk 00:01:03]} {[%emt 00:00:21]} Bxg6 {[%clk 00:32:54]} {[%emt 00:00:06]} 31.
Bxg6 {[%clk 00:01:09]} {[%emt 00:00:25]} Qxg6 {[%clk 00:33:18]} {[%emt
00:00:05]} 32. Rdf1 {[%clk 00:01:38]} a6 {[%clk 00:32:44]} {[%emt 00:01:05]} 33.
Rf8 {[%clk 00:00:54]} {[%emt 00:01:14]} Ka7 {[%clk 00:33:07]} {[%emt 00:00:07]}
34. Rxc8 {[%clk 00:00:40]} {[%emt 00:00:45]} Rxc8 {[%clk 00:33:30]} {[%emt
00:00:06]} 35. Rf4 {[%clk 00:00:54]} {[%emt 00:00:16]} Qe8 {[%clk 00:32:37]}
{[%emt 00:01:22]} 36. Qb4 {[%clk 00:00:58]} {[%emt 00:00:27]} Rc1 {[%clk
00:32:56]} {[%emt 00:00:11]} 37. Qd2 {[%clk 00:00:54]} {[%emt 00:00:34]} Qc8
{[%clk 00:30:58]} {[%emt 00:02:28]} 38. Rf7 {[%clk 00:00:50]} {[%emt 00:00:35]}
Rc7 {[%clk 00:28:31]} {[%emt 00:02:56]} 39. Rxc7 {[%clk 00:00:37]} {[%emt
00:00:43]} Qxc7 {[%clk 00:28:55]} {[%emt 00:00:06]} 40. b3 {[%clk 00:00:43]}
{[%emt 00:00:24]} Nd7 {[%clk 00:29:09]} {[%emt 00:00:16]} 41. Kb2 {[%clk
00:28:57]} {[%emt 00:02:17]} Nb8 {[%clk 00:58:24]} {[%emt 00:01:14]} 42. Nc2
{[%clk 00:14:50]} {[%emt 00:14:37]} Nc6 {[%clk 00:56:59]} {[%emt 00:01:55]} 43.
Qf4 {[%clk 00:15:19]} Qe7 {[%clk 00:57:07]} {[%emt 00:00:22]} 44. b4 {[%clk
00:15:34]} {[%emt 00:00:17]} Kb8 {[%clk 00:57:07]} {[%emt 00:00:29]} 45. Kb3
{[%clk 00:13:26]} {[%emt 00:02:39]} Kc8 {[%clk 00:55:51]} {[%emt 00:01:45]} 46.
Ne1 {[%clk 00:09:44]} {[%emt 00:04:12]} Nd8 {[%clk 00:53:57]} {[%emt 00:02:24]}
47. Nd3 {[%clk 00:07:30]} {[%emt 00:02:45]} b6 {[%clk 00:51:05]} {[%emt
00:03:21]} 48. a4 {[%clk 00:05:27]} {[%emt 00:02:33]} Qc7 {[%clk 00:50:45]}
{[%emt 00:00:49]} 49. Nb2 {[%clk 00:05:12]} {[%emt 00:00:46]} Nf7 {[%clk
00:50:07]} {[%emt 00:01:07]} 50. Qf1 {[%clk 00:04:23]} {[%emt 00:01:20]} Kb7
{[%clk 00:50:33]} {[%emt 00:00:04]} 51. b5 {[%clk 00:03:52]} {[%emt 00:01:02]}
a5 {[%clk 00:50:37]} {[%emt 00:00:25]} 52. Nd1 {[%clk 00:02:49]} {[%emt
00:01:34]} Qe7 {[%clk 00:50:40]} {[%emt 00:00:26]} 53. Kc2 {[%clk 00:02:02]}
{[%emt 00:01:17]} Ng5 {[%clk 00:50:47]} {[%emt 00:00:23]} 54. Nc3 {[%clk
00:02:26]} {[%emt 00:00:06]} Kc7 {[%clk 00:50:42]} {[%emt 00:00:34]} 55. Kd3
{[%clk 00:00:42]} {[%emt 00:02:16]} Kd8 {[%clk 00:51:00]} {[%emt 00:00:11]} 56.
Qf4 {[%clk 00:00:34]} {[%emt 00:00:38]} Ke8 {[%clk 00:51:09]} {[%emt 00:00:20]}
57. Kc2 {[%clk 00:00:37]} {[%emt 00:00:28]} Qb4 {[%clk 00:51:26]} {[%emt
00:00:12]} 58. Qe3 {[%clk 00:00:44]} {[%emt 00:00:24]} Qf8 {[%clk 00:51:25]}
{[%emt 00:00:30]} 59. Qd3 {[%clk 00:00:32]} {[%emt 00:00:44]} Qf4 {[%clk
00:51:43]} {[%emt 00:00:11]} 60. Nxd5 {[%clk 00:00:38]} {[%emt 00:00:25]} exd5
{[%clk 00:50:27]} {[%emt 00:01:45]} 61. Qg6+ {[%clk 00:01:08]} {[%emt
00:00:01]} Qf7 {[%clk 00:48:49]} {[%emt 00:02:08]} 62. Qxb6 {[%clk 00:01:31]}
{[%emt 00:00:07]} Qf2+ {[%clk 00:49:08]} {[%emt 00:00:10]} 63. Kb3 {[%clk
00:01:15]} {[%emt 00:00:46]} Qe3+ {[%clk 00:49:30]} {[%emt 00:00:08]} 64. Kc2
{[%clk 00:01:05]} {[%emt 00:00:40]} Qe2+ {[%clk 00:49:55]} {[%emt 00:00:05]} 65.
Kc1 {[%clk 00:00:49]} {[%emt 00:00:47]} Qc4+ {[%clk 00:50:11]} {[%emt
00:00:13]} 66. Kb2 {[%clk 00:01:06]} {[%emt 00:00:14]} Qb4+ {[%clk 00:48:55]}
{[%emt 00:01:46]} 67. Kc1 {[%clk 00:01:30]} {[%emt 00:00:05]} Qc3+ {[%clk
00:49:20]} {[%emt 00:00:04]} 68. Kb1 {[%clk 00:01:25]} {[%emt 00:00:36]} Ne4
{[%clk 00:48:54]} {[%emt 00:00:56]} 69. Qb8+ {[%clk 00:01:30]} {[%emt
00:00:26]} Kf7 {[%clk 00:47:34]} {[%emt 00:01:49]} 70. Qb7+ {[%clk 00:01:33]}
{[%emt 00:00:28]} Kg6 {[%clk 00:47:45]} {[%emt 00:00:18]} 0-1

[Event "European Chess Club Cup 2023"]
[Site "Durres, Albania"]
[Date "2023.10.07"]
[Round "7.24"]
[White "Korpa, Bence"]
[Black "Markus, Robert"]
[Result "1/2-1/2"]
[TimeControl "90' + 30' & 30\""]
[WhiteElo "2522"]
[BlackElo "2578"]

1. d4 {[%clk 01:30:56]} {[%emt 00:00:02]} Nf6 {[%clk 01:30:50]} {[%emt
00:00:11]} 2. c4 {[%clk 01:31:13]} {[%emt 00:00:12]} g6 {[%clk 01:30:53]}
{[%emt 00:00:28]} 3. Nf3 {[%clk 01:31:12]} {[%emt 00:00:30]} Bg7 {[%clk
01:31:11]} {[%emt 00:00:13]} 4. g3 {[%clk 01:31:21]} {[%emt 00:00:21]} O-O
{[%clk 01:31:29]} {[%emt 00:00:11]} 5. Bg2 {[%clk 01:31:40]} {[%emt 00:00:12]}
d6 {[%clk 01:31:28]} {[%emt 00:00:31]} 6. O-O {[%clk 01:31:45]} {[%emt
00:00:24]} Nbd7 {[%clk 01:27:50]} {[%emt 00:04:08]} 7. Nc3 {[%clk 01:30:06]}
{[%emt 00:02:09]} e5 {[%clk 01:27:29]} {[%emt 00:00:52]} 8. e4 {[%clk
01:29:47]} {[%emt 00:00:49]} exd4 {[%clk 01:22:04]} {[%emt 00:05:56]} 9. Nxd4
{[%clk 01:29:59]} {[%emt 00:00:16]} Re8 {[%clk 01:22:26]} {[%emt 00:00:08]} 10.
h3 {[%clk 01:25:56]} {[%emt 00:04:33]} Nc5 {[%clk 01:19:18]} {[%emt 00:03:38]}
11. Re1 {[%clk 01:25:54]} {[%emt 00:00:32]} Bd7 {[%clk 01:17:31]} {[%emt
00:02:17]} 12. Bf4 {[%clk 01:20:00]} {[%emt 00:06:24]} h6 {[%clk 01:10:34]}
{[%emt 00:07:28]} 13. Qc2 {[%clk 01:14:29]} {[%emt 00:06:00]} Nfxe4 {[%clk
01:02:25]} {[%emt 00:08:40]} 14. Nxe4 {[%clk 01:14:27]} {[%emt 00:00:31]} Bxd4
{[%clk 01:02:45]} {[%emt 00:00:11]} 15. Qd2 {[%clk 01:07:43]} {[%emt 00:07:14]}
Bg7 {[%clk 00:55:48]} {[%emt 00:07:27]} 16. Nxc5 {[%clk 01:02:59]} {[%emt
00:05:13]} dxc5 {[%clk 00:56:06]} {[%emt 00:00:12]} 17. Bxh6 {[%clk 01:03:16]}
{[%emt 00:00:13]} Be6 {[%clk 00:49:42]} {[%emt 00:06:54]} 18. Qxd8 {[%clk
00:57:04]} Raxd8 {[%clk 00:49:51]} {[%emt 00:07:03]} 19. Bxg7 {[%clk 00:57:21]}
{[%emt 00:00:13]} Kxg7 {[%clk 00:50:14]} {[%emt 00:00:07]} 20. b3 {[%clk
00:57:36]} {[%emt 00:00:14]} c6 {[%clk 00:45:02]} {[%emt 00:05:43]} 21. Rad1
{[%clk 00:57:05]} {[%emt 00:01:00]} Rh8 {[%clk 00:42:38]} {[%emt 00:02:55]} 22.
g4 {[%clk 00:54:32]} {[%emt 00:03:03]} b5 {[%clk 00:41:11]} {[%emt 00:01:58]}
23. Rxd8 {[%clk 00:49:30]} {[%emt 00:05:31]} Rxd8 {[%clk 00:40:58]} {[%emt
00:00:43]} 24. Re5 {[%clk 00:49:50]} {[%emt 00:00:10]} Rd1+ {[%clk 00:38:36]}
{[%emt 00:02:52]} 25. Kh2 {[%clk 00:50:10]} {[%emt 00:00:10]} bxc4 {[%clk
00:38:32]} {[%emt 00:00:34]} 26. bxc4 {[%clk 00:50:30]} {[%emt 00:00:10]} Rd2
{[%clk 00:37:50]} {[%emt 00:01:13]} 27. Kg3 {[%clk 00:50:05]} {[%emt 00:00:55]}
Rxa2 {[%clk 00:37:20]} {[%emt 00:01:00]} 28. Rxc5 {[%clk 00:50:22]} {[%emt
00:00:12]} Ra4 {[%clk 00:37:02]} {[%emt 00:00:48]} 29. Rxc6 {[%clk 00:50:33]}
{[%emt 00:00:19]} Rxc4 {[%clk 00:37:24]} {[%emt 00:00:09]} 30. Ra6 {[%clk
00:50:23]} {[%emt 00:00:39]} Rc3+ {[%clk 00:37:21]} {[%emt 00:00:34]} 31. Kf4
{[%clk 00:50:02]} {[%emt 00:00:51]} Rc4+ {[%clk 00:37:13]} {[%emt 00:00:38]} 32.
Kg3 {[%clk 00:50:19]} {[%emt 00:00:12]} 1/2-1/2

[Event "European Chess Club Cup 2023"]
[Site "Durres, Albania"]
[Date "2023.10.07"]
[Round "7.25"]
[White "Dardha, Daniel"]
[Black "Mamedov, Rauf"]
[Result "1/2-1/2"]
[TimeControl "90' + 30' & 30\""]
[WhiteElo "2580"]
[BlackElo "2640"]

1. d4 {[%clk 01:30:56]} {[%emt 00:00:03]} d5 {[%clk 01:30:41]} {[%emt
00:00:20]} 2. c4 {[%clk 01:31:19]} {[%emt 00:00:07]} c6 {[%clk 01:31:07]}
{[%emt 00:00:04]} 3. Nf3 {[%clk 01:31:41]} {[%emt 00:00:07]} Nf6 {[%clk
01:31:33]} {[%emt 00:00:05]} 4. Qb3 {[%clk 01:32:00]} {[%emt 00:00:11]} e6
{[%clk 01:30:36]} {[%emt 00:01:27]} 5. Nc3 {[%clk 01:24:19]} {[%emt 00:08:11]}
dxc4 {[%clk 01:13:53]} {[%emt 00:17:12]} 6. Qxc4 {[%clk 01:24:23]} {[%emt
00:00:27]} b5 {[%clk 01:14:18]} {[%emt 00:00:05]} 7. Qd3 {[%clk 01:24:45]}
{[%emt 00:00:07]} Nbd7 {[%clk 01:13:46]} {[%emt 00:01:03]} 8. g3 {[%clk
01:21:30]} {[%emt 00:03:44]} Bb7 {[%clk 01:08:24]} {[%emt 00:05:53]} 9. Bg2
{[%clk 01:20:51]} {[%emt 00:01:07]} a6 {[%clk 01:07:57]} {[%emt 00:00:59]} 10.
Ne5 {[%clk 01:18:00]} {[%emt 00:03:21]} Nxe5 {[%clk 01:03:23]} {[%emt
00:05:04]} 11. dxe5 {[%clk 01:14:37]} {[%emt 00:03:52]} Qxd3 {[%clk 01:02:37]}
{[%emt 00:01:16]} 12. exd3 {[%clk 01:14:21]} {[%emt 00:00:46]} Nd5 {[%clk
01:03:01]} {[%emt 00:00:06]} 13. Nxd5 {[%clk 01:07:07]} {[%emt 00:07:44]} cxd5
{[%clk 01:03:14]} {[%emt 00:00:17]} 14. Be3 {[%clk 01:07:09]} {[%emt 00:00:27]}
Rc8 {[%clk 01:02:53]} {[%emt 00:00:52]} 15. Bd4 {[%clk 01:05:59]} {[%emt
00:01:39]} Kd7 {[%clk 00:57:57]} {[%emt 00:05:28]} 16. Ke2 {[%clk 01:04:10]}
{[%emt 00:02:17]} Rc2+ {[%clk 00:50:30]} {[%emt 00:07:59]} 17. Kd1 {[%clk
01:04:08]} {[%emt 00:00:32]} Rc8 {[%clk 00:50:55]} {[%emt 00:00:05]} 18. Ke2
{[%clk 01:03:40]} {[%emt 00:00:57]} Rc2+ {[%clk 00:50:47]} {[%emt 00:00:39]} 19.
Kd1 {[%clk 01:03:38]} {[%emt 00:00:32]} Rc8 {[%clk 00:51:13]} {[%emt 00:00:04]}
20. Rc1 {[%clk 01:01:45]} {[%emt 00:02:22]} Rxc1+ {[%clk 00:50:41]} {[%emt
00:01:03]} 21. Kxc1 {[%clk 01:02:10]} {[%emt 00:00:05]} Be7 {[%clk 00:50:04]}
{[%emt 00:01:07]} 22. Kd2 {[%clk 00:58:42]} {[%emt 00:03:57]} Bb4+ {[%clk
00:46:16]} {[%emt 00:04:19]} 23. Kd1 {[%clk 00:58:48]} {[%emt 00:00:23]} Be7
{[%clk 00:46:44]} {[%emt 00:00:03]} 24. Kd2 {[%clk 00:59:15]} {[%emt 00:00:03]}
Bb4+ {[%clk 00:47:11]} {[%emt 00:00:02]} 25. Kd1 {[%clk 00:59:42]} {[%emt
00:00:03]} Be7 {[%clk 00:47:38]} {[%emt 00:00:03]} 26. Kd2 {[%clk 01:00:07]}
{[%emt 00:00:05]} 1/2-1/2

[Event "European Chess Club Cup 2023"]
[Site "Durres, Albania"]
[Date "2023.10.07"]
[Round "7.26"]
[White "Suleymanli, Aydin"]
[Black "Lagarde, Maxime"]
[Result "1-0"]
[TimeControl "90' + 30' & 30\""]
[WhiteElo "2588"]
[BlackElo "2626"]

1. e4 {[%clk 01:30:58]} {[%emt 00:00:02]} e6 {[%clk 01:30:55]} {[%emt
00:00:06]} 2. d4 {[%clk 01:31:24]} {[%emt 00:00:03]} d5 {[%clk 01:31:23]}
{[%emt 00:00:02]} 3. Nc3 {[%clk 01:31:51]} {[%emt 00:00:04]} Nf6 {[%clk
01:30:40]} {[%emt 00:01:12]} 4. e5 {[%clk 01:32:14]} {[%emt 00:00:07]} Ne4
{[%clk 01:29:57]} {[%emt 00:01:14]} 5. Nxe4 {[%clk 01:30:20]} {[%emt 00:02:24]}
dxe4 {[%clk 01:30:21]} {[%emt 00:00:06]} 6. Be3 {[%clk 01:30:07]} {[%emt
00:00:42]} c5 {[%clk 01:30:06]} {[%emt 00:00:45]} 7. dxc5 {[%clk 01:27:59]}
{[%emt 00:02:39]} Nd7 {[%clk 01:28:12]} {[%emt 00:02:23]} 8. Qg4 {[%clk
01:24:58]} {[%emt 00:03:31]} Nxc5 {[%clk 01:27:16]} {[%emt 00:01:26]} 9. Bb5+
{[%clk 01:20:39]} {[%emt 00:04:49]} Bd7 {[%clk 01:27:20]} {[%emt 00:00:27]} 10.
O-O-O {[%clk 01:10:20]} {[%emt 00:10:48]} Nd3+ {[%clk 01:21:57]} {[%emt
00:05:52]} 11. Bxd3 {[%clk 01:10:10]} {[%emt 00:00:41]} exd3 {[%clk 01:22:23]}
{[%emt 00:00:04]} 12. Rxd3 {[%clk 01:10:34]} {[%emt 00:00:06]} Qa5 {[%clk
01:22:19]} {[%emt 00:00:34]} 13. Kb1 {[%clk 01:07:27]} {[%emt 00:03:37]} h5
{[%clk 01:04:28]} {[%emt 00:18:22]} 14. Qd4 {[%clk 01:03:52]} {[%emt 00:04:04]}
Bb5 {[%clk 01:02:02]} {[%emt 00:02:57]} 15. Rd1 {[%clk 00:57:26]} {[%emt
00:06:56]} Be7 {[%clk 01:02:01]} {[%emt 00:00:31]} 16. Nh3 {[%clk 00:55:23]}
{[%emt 00:02:33]} Rc8 {[%clk 00:51:34]} {[%emt 00:10:56]} 17. Bg5 {[%clk
00:43:05]} {[%emt 00:12:48]} Rc4 {[%clk 00:49:36]} {[%emt 00:02:28]} 18. Qe3
{[%clk 00:41:03]} {[%emt 00:02:32]} Bc5 {[%clk 00:49:16]} {[%emt 00:00:50]} 19.
Qe1 {[%clk 00:35:56]} {[%emt 00:05:37]} Qxe1 {[%clk 00:46:45]} {[%emt
00:03:01]} 20. Rhxe1 {[%clk 00:36:17]} {[%emt 00:00:09]} O-O {[%clk 00:46:49]}
{[%emt 00:00:26]} 21. f3 {[%clk 00:35:26]} {[%emt 00:01:20]} Rc8 {[%clk
00:46:40]} {[%emt 00:00:40]} 22. b3 {[%clk 00:32:53]} {[%emt 00:03:03]} Rc3
{[%clk 00:42:12]} {[%emt 00:04:59]} 23. a4 {[%clk 00:18:09]} {[%emt 00:15:14]}
Ba6 {[%emt 00:02:06]} 24. Re4 {[%clk 00:16:37]} Bf8 {[%clk 00:37:17]} {[%emt
00:05:51]} 25. Rd2 {[%clk 00:17:03]} {[%emt 00:00:04]} b5 {[%clk 00:37:16]}
{[%emt 00:00:30]} 26. Nf4 {[%clk 00:16:30]} {[%emt 00:01:03]} R3c5 {[%clk
00:30:06]} {[%emt 00:07:40]} 27. axb5 {[%clk 00:14:25]} {[%emt 00:02:35]} Bb7
{[%clk 00:29:25]} {[%emt 00:01:11]} 28. Re3 {[%clk 00:07:39]} {[%emt 00:07:16]}
Rxb5 {[%clk 00:29:36]} {[%emt 00:00:19]} 29. Nxh5 {[%clk 00:06:51]} {[%emt
00:01:19]} f6 {[%clk 00:28:42]} {[%emt 00:01:24]} 30. Bf4 {[%clk 00:05:37]}
{[%emt 00:01:43]} a5 {[%clk 00:29:08]} {[%emt 00:00:04]} 31. g4 {[%clk
00:02:36]} {[%emt 00:03:31]} Bd5 {[%clk 00:24:37]} {[%emt 00:05:01]} 32. exf6
{[%clk 00:02:09]} {[%emt 00:00:58]} g6 {[%clk 00:25:04]} {[%emt 00:00:03]} 33.
Ng3 {[%clk 00:02:25]} {[%emt 00:00:13]} a4 {[%clk 00:25:31]} {[%emt 00:00:03]}
34. Rdd3 {[%clk 00:02:40]} {[%emt 00:00:15]} axb3 {[%clk 00:23:49]} {[%emt
00:02:12]} 35. cxb3 {[%clk 00:03:09]} Bc5 {[%clk 00:24:13]} {[%emt 00:00:06]}
36. Rc3 {[%clk 00:02:55]} {[%emt 00:00:44]} Ra8 {[%clk 00:22:50]} {[%emt
00:01:54]} 37. Red3 {[%clk 00:03:20]} {[%emt 00:00:05]} Rba5 {[%clk 00:23:00]}
{[%emt 00:00:20]} 38. Kc2 {[%clk 00:03:40]} {[%emt 00:00:09]} Bf8 {[%clk
00:20:01]} {[%emt 00:03:30]} 39. Kd1 {[%clk 00:03:07]} {[%emt 00:01:01]} Ra1+
{[%clk 00:20:29]} {[%emt 00:00:03]} 40. Ke2 {[%clk 00:02:05]} {[%emt 00:01:31]}
Bb4 {[%clk 00:19:07]} {[%emt 00:01:53]} 41. Rc2 {[%clk 00:01:02]} {[%emt
00:01:34]} R8a2 {[%clk 00:18:54]} {[%emt 00:00:42]} 42. Rxa2 {[%clk 00:28:00]}
{[%emt 00:03:32]} Rxa2+ {[%clk 00:49:19]} {[%emt 00:00:05]} 43. Bd2 {[%clk
00:24:09]} {[%emt 00:04:21]} Bd6 {[%clk 00:46:54]} {[%emt 00:02:55]} 44. Ne4
{[%clk 00:21:42]} {[%emt 00:02:57]} 1-0